Greatest Britons Quiz Stats

 Plays Quiz Updated Sep 10, 2019

Score 0/100 Timer 15:00
9 Plays Today
Rank Name % Correct
1Sir Winston Churchill
94.3%
3Diana, Princess of Wales
90%
5William Shakespeare
83.2%
8John Lennon
68%
16Margaret Thatcher
67.4%
61Queen Elizabeth, The Queen Mother
65.6%
4Charles Darwin
65.5%
40King Henry VIII of England
65.4%
6Sir Isaac Newton
64.7%
18Queen Victoria
63.3%
33David Beckham
62.7%
79David Lloyd George
62.1%
7Queen Elizabeth I of England
61.1%
19Sir Paul McCartney
60.4%
46Boy George
59.7%
9Vice Admiral Horatio Nelson
57.6%
10Oliver Cromwell
57.5%
72King Henry V of England
57.4%
67Tony Blair
55.9%
24Queen Elizabeth II
55.9%
52Florence Nightingale
48.1%
48Sir William Wallace
45.3%
56Sir Cliff Richard
45.2%
51King Arthur
45%
66Sir Charlie Chaplin
41.7%
20Sir Alexander Fleming
41.3%
2Isambard Kingdom Brunel
41.1%
62George Harrison
38%
41Charles Dickens
36.5%
53T. E. Lawrence
35.7%
49Sir Francis Drake
35.3%
13Robert Baden-Powell
34.8%
36Sir Steve Redgrave
34.7%
39John Harrison
34%
Rank Name % Correct
94King Edward I of England
33.5%
69Bobby Moore
32.6%
83J.K. Rowling
31.7%
12Captain James Cook
31.2%
90King Henry II of England
31.2%
54Robert Falcon Scott
30.3%
85Sir Richard Branson
29.7%
27Emmeline Pankhurst
28.6%
14Alfred the Great
28%
82King Richard III of England
25.7%
93Sir Walter Raleigh
25.2%
25Professor Stephen Hawking
24.8%
74Robert the Bruce
24.1%
57Alexander Graham Bell
23.4%
70Jane Austen
23.1%
88Bernard Law Montgomery
22.7%
86Bono
21.9%
98David Livingstone
21.9%
63Sir David Attenborough
21.2%
35Boudica
20.7%
37Sir Thomas More
19.7%
55Enoch Powell
19.4%
21Alan Turing
18.2%
60Sir Edward Elgar
18.1%
15Arthur Wellesley
18.1%
44John Logie Baird
17.6%
77Robbie Williams
16.9%
84James Watt
16.5%
29David Bowie
14.8%
75Bob Geldof
14.3%
47Sir Douglas Bader
13.9%
11Sir Ernest Shackleton
13.6%
45Aneurin Bevan
13.2%
92J.R.R. Tolkien
13.1%
Rank Name % Correct
78Edward Jenner
12.5%
89Donald Campbell
12.5%
81Geoffrey Chaucer
12.1%
58Freddie Mercury
11.6%
99Sir Tim Berners-Lee
11.5%
71William Booth
11.5%
30Guy Fawkes
11.5%
80Charles Babbage
11.1%
65George Stephenson
10.1%
22Michael Faraday
10%
43John Peel
9.9%
76The Unknown Warrior
9.4%
59Dame Julie Andrews
9.2%
38William Blake
8.9%
73Aleister Crowley
8.5%
96Richard Burton
8.4%
68William Caxton
8.4%
100Marie Stopes
8.4%
97Tony Benn
6.9%
32Eric Morecambe
6.7%
28William Wilberforce
6.6%
34Thomas Paine
6.5%
50John Wesley
6.5%
26William Tyndale
6.5%
64James Connolly
6.2%
17Michael Crawford
5.2%
23Owain Glyndŵr
4.4%
91James Clerk Maxwell
4.1%
42Sir Frank Whittle
3.4%
95Sir Barnes Wallis
3.2%
87John Lydon
3.1%
31Leonard Cheshire
2.9%

You're not logged in!

Compare scores with friends on all Sporcle quizzes.
OR
Log In

Sporcle TV

Today on Sporcle TV


Watch our educational content, quiz creation guides, and fun videos on Sporcle TV.

Show Comments

Extras

Top Quizzes Today


Score Distribution

Your Account Isn't Verified!

In order to create a playlist on Sporcle, you need to verify the email address you used during registration. Go to your Sporcle Settings to finish the process.

Report this User

Report this user for behavior that violates our Community Guidelines.

Details: